000 00636nam a22002297a 4500
003 UA-OsUOA
001 93032
007 ta
008 20130111b un ||||| |||| 00| 0 ukr d
100 _aБаруздин С. А.
090 _a821.161.1
_bБ26
942 _cBK
040 _aUA-OsUOA
_brus
_cUA-OsUOA
_dUA-OsUOA
245 _aСтихи без названия
_bстихотворения
300 _a207 с.
955 _a3
041 _arus
080 _a821.161.1
260 _aМ.
_bМолодая гвардия
_c1980
650 7 _a82 Література. Літературознавство
_2UDC
999 _c378911
_d378911